Quizzes
Events
Quiz Creation
Community
Videos
Private Events
Remove Ads
Sign In
Join for FREE
Feedback
Dark Mode
Quiz Categories
Sports
Geography
Music
Movies
Television
Just For Fun
Miscellaneous
History
Literature
Language
Science
Gaming
Entertainment
Religion
Holiday
For Kids
Quiz Lab
Recent
Popular Today
Quiz Kudos Today
Editor Picks
Curator Picks
Quizzes by...
Day
Popularity
Type
Ratings
Length
Year
Community
Subscriptions
Recent Discussions
Orange Saloon
Badges
Playlists
Quests
Create
Leaderboards
Showdown
Live 5
Trivia Bingo
Activity
Puzzle Library
Sporcle Events
Private Events
Virtual Trivia
Globe League
Become a Host
Pub Owners
SporcleCon
Opinionation
Our Games
Videos
Blog
Mobile Apps
Partnerships
Remove Ads and Go Orange
Feedback
History
US Presidents
World Leaders
Politics
Nation
Discovery
War
Decade
Year
Century
Biography
Art
History
US Presidents
World Leaders
Politics
Nation
Discovery
War
Decade
Year
Century
Biography
Art
Random Quiz
Search Sporcle
×
Quiz Lab
Quiz Lab
History
Excerpt
Type in answers that appear in a list
Type in answers that appear in a list
Classic
Best Score? Go Orange.
Where in The Constitution? Stats
Can you name the location of each excerpt in the U.S. constitution?
By
GeorgiaPeach
4m
22 Questions
287 Plays
287 Plays
287 Plays
Comments
Comments
Give Quiz Kudos
Give Quiz Kudos
-
- Ratings
hide this ad
More Info
Forced Order
Answers have to be entered in order
Answers have to be entered in order
Replay
Link that replays current quiz
Next Quiz
Link to next quiz in quiz playlist
You Got
0%
They Got
Avg Score
70%
Avg Friend Score
Upgrade to see
Score Distribution
Jump to the score distribution portion of the page
Score
0/22
Timer
04:00
0
Plays Today
Excerpt
Location
% Correct
'The Senate shall have the sole power to try all impeachments.'
Article I
93.4%
'In all Cases affecting Ambassadors, other public Ministers and Consuls, and those in which a State shall be Party, the Supreme Court shall have original Jurisdiction.'.
Article III
88.9%
'No person except a natural born Citizen...shall be eligible to the Office of President.'
Article II
88.2%
'All Debts...and Engagements entered into, before the Adoption of this Constitution, shall be as valid against the United States under this Constitution.'
Article VI
81.5%
'Full Faith and Credit shall be given in each State to the public Acts, Records, and judicial Proceedings of every other State.'
Article IV
79.4%
'...the right of the people to keep and bear Arms, shall not be infringed.'
Amendment II
78.7%
'No person shall be a Senator who shall not have attained to the Age of thirty Years.'
Article I
78.4%
'The right...to vote shall not be denied or abridged by the United States or by any State on account of race, color, or previous condition of servitude.'
Amendment XV
78%
'Every Bill which shall have passed [Congress], shall, before it become a Law, be presented to the President of the United States.'
Article I
77.7%
'The judicial Power of the United States, shall be vested in one supreme Court.'
Article III
77.7%
'The House of Representatives shall be composed of Members chosen every second Year by the People of the several States, and the Electors in each State shall have the Qualification
Article I
76%
Excerpt
Location
% Correct
'Excessive bail shall not be required, nor excessive fines imposed, nor cruel and unusual punishments inflicted.'
Amendment VIII
74.9%
'The President shall be Commander in Chief of the Army and Navy of the United States.'
Article II
72.5%
'The Ratification of the Conventions of nine States, shall be sufficient for the Establishment of this Constitution.'
Article VII
72.1%
'The Congress, whenever two thirds of both Houses shall deem it necessary, shall propose Amendments to this Constitution.'
Article V
70%
'The eighteenth article of amendment to the Constitution of the United States is hereby repealed.'
Amendment XXI
67.6%
'No person shall be elected to the office of the President more than twice.'
Amendment XXII
59.9%
The right [to vote] shall not be denied or abridged...on account of sex.
Amendment XIX
49.1%
'He shall from time to time...recommend to their Consideration such Measures as he shall judge necessary and expedient.'
Article II
48.4%
'No State shall enter into any Treaty, Alliance, or Confederation.'
Article I
48.4%
'We the People of the United States, in Order to form a more perfect Union...'
Preamble
48.4%
'The Congress shall have Power to dispose of and make all needful Rules and Regulations respecting the Territory or other Property belonging to the United States.'
Article IV
48.4%
Quiz Playlist
Details
Report
Send in Message
Add To Playlist
More Info:
Give the article or amendment. Each answer must have the word "article" or "amendment" before it, followed by the number.
Classic:
Type in answers that appear in a list
Forced Order:
Answers have to be entered in order
Quiz Source
Last Updated: Feb 16, 2017
Quiz Scoreboard
CHALLENGE
Sign Up to Join the Scoreboard
Show All
Scores
Hide
Comments
May contain spoilers
Recently Published
Movies - When Are They Set?
by FPL_Elf
Movies
5m
Popular People in 1961
by mucciniale
History
6m
1-10 Letter E Words III
by El_Dandy
Language
2m
More to Explore
Quiz From the Vault
Featured Blog Post
Where Did the Easter Bunny Come From?
hide this ad
You Might Also Like...
Tags
constitution
Exact
Excerpt
location
Today's Top Quizzes in History
Browse History
hide this ad
Today's Top Quizzes in Excerpt
Browse Excerpt
Top Contributed Quizzes in History
1
Popular People in 1991
2
Popular People in 1981
3
Popular People in 1951
4
Popular People in 1941
5
Popular People in 1986
6
Popular People in 1976
7
Popular People in 1921
8
I Am Born On March 28th
9
Popular People in 1946
10
Popular People in 1936
Explore More
Trending Topics
Marvel
Crossword
Kpop
Harry Potter
Disney
NBA
Anime
Country
Soccer
WWE
The Office
Pokémon
Song
NFL
Puzzle
hide this ad
More By:
GeorgiaPeach
Quiz
Plays
Rating
Category
Featured
Created
Profile: George Costanza
134,533
4.49
Television
Jan 12, 2010
MLB HR Leaders by Decade
113,177
4.58
Sports
Jul 5, 2010
Most Hits With One MLB Team
69,079
4.53
Sports
Oct 5, 2009
American History: 1950s
55,671
4.31
History
Jul 11, 2011
Highest Oscar Win Percentage
49,787
4.25
Movies
Oct 3, 2009
Go to Creator's Profile
Score Distribution
Quiz Creator Spotlight
GeorgiaPeach
Follow
Send a Message
Quizzes Created
-
Created Quiz Play Count
-
More By This Creator
Popular Quizzes Today
1
Find the Countries of Europe - No Outlines Minefield
2
Find the US States - No Outlines Minefield
3
The Countries of the World
4
Popular People in 1961
5
US States
6
1-10 Letter E Words III
7
Find the US States
8
One Thing in Common: World Cities II
More History Quizzes
Democratic Presidential Candidates
Published
Trending Quizzes
Risky Map Clicking: Least Populous States A-Z
1-10 Letter F Words
1-10 Letter G Words
One Thing in Common: United Kingdom
Risky Map Clicking: Next State Alphabetically
Recently Updated
Leaping Animals
pecheneg
Reality TV Shows (A-Z)
bhenderson79
Rickey Henderson's Hall of Fame Teammates
pecheneg
Champions League XIs: Arsenal
pecheneg
Quick Pick: Celebrities in WWE's Hall of Fame
aduchscher
A-Z Keypad Blitz II
pecheneg
Multiple Oscar Actors
pecheneg
Mystery Phrase Blitz: Oscar 'Best Actors'
pecheneg
F. Scott Fitzgerald Novels
LTH
Pick 3 Villains
ddd62291
Trending Topics
NBA
Anime
Marvel
Harry Potter
Crossword
Kpop
Disney
The Office
NFL
WWE
Country
Pokémon
Soccer
Puzzle
Song
Your Account Isn't Verified!
In order to create a playlist on Sporcle, you need to verify the email address you used during registration. Go to your
Sporcle Settings
to finish the process.
Report this User
Report this user for behavior that violates our
Community Guidelines
.
Details:
Send Report
Go to the Sporcle.com Mobile Site →
Comments